Εκπαιδευτικό δράμα και ειδικές ανάγκες : ένα εγχειρίδιο για δασκάλους σε γενικά και ειδικά σχολεία
Αποθηκεύτηκε σε:
| Άλλοι συγγραφείς: | , |
|---|---|
| Μορφή: | Βιβλίο |
| Γλώσσα: | Greek English |
| Δημοσίευση: |
Αθήνα:
Πατάκης,
2005.
|
| Σειρά: | Διδακτική πράξη και θεωρία (Πατάκης)
|
| Θέματα: | |
| Ετικέτες: |
Προσθήκη ετικέτας
Δεν υπάρχουν, Καταχωρήστε ετικέτα πρώτοι!
|
MARC
| LEADER | 00000cam a2200000 i 4500 | ||
|---|---|---|---|
| 001 | 1/46049 | ||
| 008 | 140414s2005 gr | ||| |||| ||gre|| | ||
| 020 | |a 9601615776 | ||
| 035 | |l 10117408 | ||
| 040 | |a GR-MyUa |b gre |e AACR2 | ||
| 041 | 1 | |a gre |h eng | |
| 082 | 7 | |a 371.91 |2 (23) | |
| 245 | 0 | 0 | |a Εκπαιδευτικό δράμα και ειδικές ανάγκες : |b ένα εγχειρίδιο για δασκάλους σε γενικά και ειδικά σχολεία / |c επιμέλεια: Andy Kempe ; μετάφραση: Αθηνά Βεργιοπούλου. |
| 260 | |a Αθήνα: |b Πατάκης, |c 2005. | ||
| 300 | |a 327 σ. : |b φωτ. ; |c 24 εκ. | ||
| 490 | 1 | |a (Διδακτική πράξη και θεωρία / Πατάκης) | |
| 500 | |a Τίτλος πρωτοτύπου: Drama education and special needs. | ||
| 504 | |a Περιλαμβάνει βιβλιογραφικές παραπομπές και ευρετήριο. | ||
| 650 | 0 | |a Special education. | |
| 650 | 0 | |a Children with disabilities |x Education. | |
| 700 | 1 | |a Kempe, Andy, |e edt | |
| 700 | 1 | |a Βεργιοπούλου, Αθηνά, |e trlf | |
| 830 | 0 | |a Διδακτική πράξη και θεωρία (Πατάκης) | |
| 852 | |a INST |b RHODES |c EUDOXUS |e 20140414 |h 371.91 ΕΚΠ |p 005400036387 |q 005400036387 |t EDX |y 0 | ||
| 901 | |a BIBL4-2014-1 | ||
| 920 | |a ΕΥΔΟΞΟΣ |b ΠΑΡΑΓΓΕΛΙΑ |y Ρόδος-ΠΤΔΕ |z 2014-04 | ||
| 922 | |a 4ΕΛΗ | ||
| 970 | |z 2014/04/14 | ||